Catálogo

Best loved songs of the american people / (Registro nro. 43650)

Detalles MARC
000 -LEADER
fixed length control field 00967cam a2200289 i 4500
001 - CONTROL NUMBER
control field 43650
003 - CONTROL NUMBER IDENTIFIER
control field Mx-PuUPA
005 - DATE AND TIME OF LATEST TRANSACTION
control field 20191008155843.0
008 - FIXED-LENGTH DATA ELEMENTS--GENERAL INFORMATION
fixed length control field 140415s1975 nyuag r 000 0 eng d
020 ## - INTERNATIONAL STANDARD BOOK NUMBER
International Standard Book Number 0385000049
040 ## - CATALOGING SOURCE
Original cataloging agency Mx-PuUPA
Language of cataloging spa
Transcribing agency Mx-PuUPA
Modifying agency Mx-PuUPA
Description conventions rda
041 0# - LANGUAGE CODE
Language code of text/sound track or separate title eng
245 10 - TITLE STATEMENT
Title Best loved songs of the american people /
Statement of responsibility, etc. Denes Agay, compilador ; ilustrations by Reisie Lonette
250 ## - EDITION STATEMENT
Edition statement First edition
264 #4 - PRODUCTION, PUBLICATION, DISTRIBUTION, MANUFACTURE, AND COPYRIGHT NOTICE
Place of production, publication, distribution, manufacture New York :
Name of producer, publisher, distributor, manufacturer Doubleday & Company,
Date of production, publication, distribution, manufacture, or copyright notice 1975
300 ## - PHYSICAL DESCRIPTION
Extent 403 páginas :
Other physical details ilustraciones, partituras ;
Dimensions 29 cm.
336 ## - CONTENT TYPE
Fuente rdacontent
Content type term texto
Content type code txt
337 ## - MEDIA TYPE
Source rdamedia
Media type term sin medio
Media type code n
338 ## - CARRIER TYPE
Source rdacarrier
Carrier type term volumen
Carrier type code nc
650 #4 - SUBJECT ADDED ENTRY--TOPICAL TERM
Topical term or geographic name entry element Canciones, inglés
Geographic subdivision Estados Unidos
650 #4 - SUBJECT ADDED ENTRY--TOPICAL TERM
Topical term or geographic name entry element Canciones, inglés
651 #4 - SUBJECT ADDED ENTRY--GEOGRAPHIC NAME
Geographic name Estados Unidos
700 1# - ADDED ENTRY--PERSONAL NAME
Personal name Agay, Denes,
Relator term editor
9 (RLIN) 7728
700 1# - ADDED ENTRY--PERSONAL NAME
Personal name Lonette, Reisie,
Relator term ilustrador
942 ## - ADDED ENTRY ELEMENTS (KOHA)
Source of classification or shelving scheme Dewey Decimal Classification
Koha item type Libro
Classification part 784.498
Item part B554
Existencias
Withdrawn status Lost status Source of classification or shelving scheme Damaged status Not for loan Collection code Home library Current library Shelving location Date acquired Source of acquisition Total Checkouts Full call number Barcode Date last seen Date last checked out Price effective from Koha item type
    Dewey Decimal Classification     General Biblioteca Karol Wojtyla Biblioteca Karol Wojtyla Sala general 03/12/2013 Compra   784.498 B554 1975 6565 05/01/2026 10/03/2015 11/07/2018 Libro